000 00836nam a22002297a 4500
003 UA-OsUOA
001 41008
007 ta
008 20060912b un ||||| |||| 00| 0 ukr d
090 _a336.77:332.82
_bІ-76
942 _cBK
040 _aUA-OsUOA
_bukr
_cUA-OsUOA
_dUA-OsUOA
245 _aІпотечне кредитування: Теоретичні основи іпотеки, інструменти і моделі фінансування та рефінансування житлового будівництва
_bНавчальний посібник
_cЛюбунь О.
300 _a299 с.
955 _a2
041 _aukr
080 _a336.77:332.82
020 _a966-301-106-8
260 _aК.
_bЄвропейський університет
_c2006
650 7 _a336 Фінанси
_2UDC
999 _c327147
_d327147